Mélanges offerts à René Savatier

Guardat en:
Dades bibliogràfiques
Format: Llibre
Idioma:francès
Publicat: París Dalloz 1965
Matèries:
Etiquetes: Afegir etiqueta
Sense etiquetes, Sigues el primer a etiquetar aquest registre!

MARC

LEADER 00000nam a2200000 a 4500
001 UCS2045
003 CL-VaPUC
008 970516e19650000FR |||||||||||||||||fre|d
082 0 4 |a 346  |b MEL  |2 21 
245 1 0 |a Mélanges offerts à René Savatier 
300 |a 972 p 
942 |c BK 
945 |d 19970516 00:00:00  |a paguirre 
260 |a París  |b Dalloz  |c 1965 
650 0 |a Derecho civil  |9 255013 
650 0 |a Derecho sucesorio  |9 255015 
650 0 |a Familias   |9 255641 
650 7 |a RESPONSABILIDAD CIVIL  |2 CL-VaPUC  |9 387059 
650 0 |a Arrendamiento  |9 257654 
650 0 |a Donación   |9 255016 
650 0 |a Crédito  |9 256211 
650 0 |a Arbitraje  |9 328491 
650 0 |a Jurisprudencia  |9 255952 
583 |a last modification  |c 19970516 00:00:00  |k Rodrigo Vera 
999 |c 260043  |d 260041 
952 |0 0  |1 0  |4 0  |6 346_000000000000000_MEL_1965  |7 0  |8 P  |9 285618  |a BIBDER  |b BIBDER  |d 2019-11-19  |i 1855654  |o 346 MEL 1965  |p 1855654  |r 2023-01-25  |w 2019-11-19  |y BK  |k DER